| 000 | 00516nam a22001577a 4500 | ||
|---|---|---|---|
| 003 | macl | ||
| 005 | 20200101132414.0 | ||
| 008 | 200101b xxu||||| |||| 00| 0 eng d | ||
| 040 | _cmacl | ||
| 082 | _a415 | ||
| 100 |
_aमागध, कृष्णनारायण प्रसाद _977627 |
||
| 245 | _aअलंकार -विमर्श | ||
| 260 |
_aदिल्ली _bलेखश्री पब्लिकेशन _c2016 |
||
| 650 |
_aव्याकरण _977628 |
||
| 942 |
_2ddc _cHIN |
||
| 999 |
_c61635 _d61635 |
||